000
00251nam a2200097 4500
999
_c
511971
_d
511971
082
_a
A45:Z4/2019
100
_a
India.National Cereals Products Limited
_9
12532
245
_a
Annual report and accounts 2019
260
_a
Solan
_b
The author
300
_a
82p